| 000 | 00975cab a22001935a 4500 | ||
|---|---|---|---|
| 001 | L137151 | ||
| 008 | 070319e2007 xxk 000 0 eng d | ||
| 035 | _a(Sirsi) u137151 | ||
| 041 | _aeng | ||
| 100 | 1 | _aSkinner, David | |
| 245 | 0 | 2 | _aA move toward European retail |
| 260 | _c2007 | ||
| 490 | 0 |
_aJournal of Property Investment and Finance _v25(2) 2007, 166-178(13) |
|
| 520 | _aDiscusses the sectoral composition of Europe's real estate investment market, and the factors likely to drive a shift in portfolio composition away from the office sector toward retail. Reports that many investors are modifying strategy to capitalise on the expected outperformance of the office sector over the short to medium term. Predicts that a substantial, long term increase in the portfolio weightings of retail and other property types will occur in mainland Europe. | ||
| 590 | _aKA | ||
| 651 | 4 | _aEUROPE | |
| 690 | _aPROPERTY-COMMERCIAL PROPERTY-RETAIL PROPERTY | ||
| 942 | _n0 | ||
| 999 |
_c78561 _d78561 |
||